000 00676nam a2200193 a 4500
001 000016720
005 20240306073904.0
008 100310s1936 dr 000 0 spa d
040 _aDO-SdBNP
_bspa
_cBNPHU
082 _a366.3
_bA385p
100 1 _aAlfau Durán, Vetilio,
_d1909-1985
_910091
245 1 0 _aPor el bien humano :
_bdiscurso /
_cVetilio J. Alfau Durán.
260 _aLa Vega Real
_fEl progreso
_c1936.
300 _a21 p. ;
_c24 cm.
500 _aIncluye notas al pie de las páginas
500 _aCon una introducción del Dr. Guido Despradel I Batista
600 0 4 _aORDEN INDEPENDIENTE DE LOS ODD FELLOWS
_xDISCURSO, CONFERENCIAS, ETC.
_937089
049 _aBNPD
999 _c16252
_d16252